[Event "Targu Mures op 3rd"]
[Site "Targu Mures"]
[Date "2022.06.05"]
[Round "1"]
[White "Panait, Razvan Alexandru"]
[Black "Andronescu, Madalin"]
[Result "0-1"]
[WhiteElo "1411"]
[BlackElo "2076"]
[PlyCount "56"]
[EventDate "2022.06.05"]
[EventType "swiss"]
[EventRounds "9"]
[EventCountry "ROU"]
[SourceTitle "EXT 2024"]
[Source "ChessBase"]
[SourceDate "2023.10.10"]
[SourceVersion "1"]
[SourceVersionDate "2023.10.10"]
[SourceQuality "1"]

1. d4 Nf6 2. c4 g6 3. f3 Bg7 4. e4 d6 5. Nc3 0-0 6. Be3 c5 7. dxc5 dxc5 8. Bxc5 Nc6 9. Qxd8 Rxd8 10. Nd5 Nxd5 11. cxd5 Bxb2 12. Rd1 Bc3+ 13. Ke2 b6 14. Kd3 Bf6 15. Ba3 e6 16. Ke3 exd5 17. exd5 Be6 18. d6 a5 19. Rd2 Nb4 20. Ne2 Bxa2 21. Ng3 Bc3 22. Rd1 Be5 23. Bxb4 axb4 24. Ne4 f5 25. Nd2 Ra3+ 26. Kf2 Rxd6 27. Bc4+ Kg7 28. Nb1 Bxc4 0-1